Centroamérica : Su historia
| Main Author: | |
|---|---|
| Format: | Section = Libro |
| Language: | Undetermined Spanish |
| Published: |
San José, Costa Rica
FLACSO
1996
|
| Subjects: |
| LEADER | 00484nam a2200181Ia 4500 | ||
|---|---|---|---|
| 008 | 240829s9999 xx 000 0 und d | ||
| 020 | |a 9977-30-257-X | ||
| 040 | |a BIBLIOTECA-RUPAP 972.8 F676 | ||
| 041 | |a spa | ||
| 082 | |a 972.8 F676 | ||
| 100 | 1 | |a Fonseca, Elizabeth | |
| 245 | 1 | 0 | |a Centroamérica : Su historia |
| 260 | |a San José, Costa Rica |b FLACSO |c 1996 | ||
| 300 | |a 379 p. :il. | ||
| 650 | 7 | |a AMERICA CENTRAL - HISTORIA. I. Tít. | |
| 942 | |c BK |2 ddc | ||
| 991 | |a TEXTO | ||
| 999 | |c 10237 | ||